| 000 | 00802nam a22002297a 4500 | ||
|---|---|---|---|
| 999 |
_c159454 _d159454 |
||
| 005 | 20181218143925.0 | ||
| 010 | _aENG-124569 | ||
| 020 |
_a9789353162603 _c775.00 |
||
| 035 | _aEN-108101 | ||
| 037 | _bDBAD/PUB. | ||
| 082 | _a303.34 | ||
| 100 | _aHughes, Richard L. | ||
| 245 |
_aLeadership: _cby Richard L. Hughes; Robert C. Ginnett [and] Gordon J. Curphy _benhancing the lessons of experience/ |
||
| 250 | _a8th edn. | ||
| 260 |
_bTata McGraw Hill _c2018 _aChennai |
||
| 270 |
_a444,/1, Sri Ekambara Naicker Industrial Estate, Alapakkam, Porur, _bChennai _e600116 |
||
| 300 |
_axviii,734p. _c26cm(pbk) _bill. picture |
||
| 500 | _aIt includes name index and subject index | ||
| 700 | _aGinnett, Robert C. | ||
| 700 | _a Curphy, Gordon J. | ||
| 942 |
_2ddc _cEN _mHUG _h303.34 |
||